Flags of the Countries of Central America - Statistics

General Stats
  • This quiz has been taken 154 times
    140 since last reset
  • The average score is 10 of 13
Answer Stats
Picture Answer % Correct
Panama
93%
Jamaica
91%
Cuba
86%
Guatemala
77%
Costa Rica
75%
El Salvador
71%
Honduras
71%
Nicaragua
71%
Dominican Republic
68%
Bahamas
67%
Haiti
67%
Trinidad and Tobago
65%
Belize
55%
No matching quizzes found
Score Distribution
Percent of People with Each Score
Percentile by Number Answered
Your Score History
You have not taken this quiz since the last reset